Statistics for usa geography/facts quiz!

Click here to take the quiz!

General Stats

  • This quiz has been taken 26 times
  • The average score is 7 of 15

Answer Stats

QuestionAnswer% Correct
What city is the capital of Montana?Helena
92%
What city was Starbucks founded in?Seattle, Washington
88%
What US region is Idaho located in?North West
71%
What state has the most National Parks?California
67%
Which US city is the most pet-friendly?Portland, Oregon
54%
How many national parks are in Utah?5
46%
The highest crime rate in the US is in what state?St. Louis, Missouri
46%
Which US city has the most McDonalds locations?Houston, Texas
38%
How many regions are in the USA?5
33%
What US city is known for its chili?Cincinnati, Ohio
33%
What US city was Bob Ross born in?Daytona Beach, Florida
33%
Which state has the hottest average temperature?Florida
33%
What was the 32nd state in the USA?Minnesota
21%
Which US state has the most bridges?Texas
21%
What US state has the most species of trees?Florida
13%

Score Distribution

Percentile by Number Answered

Percent of People with Each Score

Your Score History

You have not taken this quiz